Patrones de cosecha sostenible de bejuco Tripeperro (Philodendron longirrhizum, Araceae) en el municipio de Filandia, Quindío (Registro nro. 6534)

Detalles MARC
000 -CABECERA
Campo de control 01452nam a2200277 a 4500
005 - FECHA Y HORA DE LA ULTIMA TRANSACCION
Campo de control 20200104041610.0
008 - ELEMENTOS DE LONGITUD FIJA—INFORMACION GENERAL
Campo de control 140129b2008 ck ||||| |||| 00| 0 spa d
040 ## - FUENTE DE CATALOGACIÓN
Agencia transcriptora CO-BoIH
041 ## - IDIOMA
Código de idioma para texto/pista de sonido o título separado Español
044 ## - PAÍS DE PUBLICACIÓN
País de publicación Colombia
090 ## - CLASIFICACIÓN LOCAL
Colección IAVH
Consecutivo 01078
100 ## - ASIENTO PRINCIPAL--NOMBRE PERSONAL
Nombre personal García, Néstor
245 ## - MENCION DE TITULO
Título Patrones de cosecha sostenible de bejuco Tripeperro (Philodendron longirrhizum, Araceae) en el municipio de Filandia, Quindío
260 ## - PUBLICACION, DISTRIBUCION, ETC. (PIE DE IMPRENTA)
Lugar de publicación, distribución, etc. Bogotá
Nombre del editor, distribuidor, etc. Instituto Alexander von Humboldt
Fecha de publicación, distribución, etc. 2008
300 ## - DESCRIPCION FISICA
Extensión 74 p.
520 ## - NOTA DE RESUMEN, ETC.
Nota de resumen Alternativas de cosecha sostenible de este recurso. Se diseñó una metodología que permitió evaluar la situación de las poblaciones en cada uno de lo sectores con extracción y compararlos con sectores sin extracción. Se consideró la oferta actual y potencial de bejuco aprovechable, la producción de bejuco biche, las tasas de crecimiento y rebrote de los bejucos, la distribución, el tiempo y los costos de desplazamiento a cada sector y la demanda del recurso por parte de la comunidad de artesanos de Filandia. Se estableció que todos los sectores con extracción tienen altos niveles de explotación, quedando entre el 25 y 50
650 ## - ASIENTO SECUNDARIO DE MATERIA - TERMINO TEMATICO
Término temático o nombre geográfico como elemento de entrada Bejuco
650 ## - ASIENTO SECUNDARIO DE MATERIA - TERMINO TEMATICO
Término temático o nombre geográfico como elemento de entrada Uso sostenible
650 ## - ASIENTO SECUNDARIO DE MATERIA - TERMINO TEMATICO
Término temático o nombre geográfico como elemento de entrada Tripeperro
650 ## - ASIENTO SECUNDARIO DE MATERIA - TERMINO TEMATICO
Término temático o nombre geográfico como elemento de entrada Cosecha
650 ## - ASIENTO SECUNDARIO DE MATERIA - TERMINO TEMATICO
Término temático o nombre geográfico como elemento de entrada Poblaciones silvestres
650 ## - ASIENTO SECUNDARIO DE MATERIA - TERMINO TEMATICO
Término temático o nombre geográfico como elemento de entrada Oferta actual
650 ## - ASIENTO SECUNDARIO DE MATERIA - TERMINO TEMATICO
Término temático o nombre geográfico como elemento de entrada Uso potencial
942 ## - ELEMENTOS ADICIONALES (KOHA)
Tipo de ítem Informe Técnico
Sistema de clasificación Local
945 ## - PROCESAMIENTO LOCAL
AAAA-MM-DD - Fecha de ingreso o modificacion 2008-09-03
Existencias
Withdrawn status Lost status Sistema de Clasificación Damaged status No para préstamo Colección Inventariado Ubicación Permanente Ubicación actual Fecha de adquisición Total Checkouts Número topográfico Inventario / Código de Barras Date last seen Ejemplar Price effective from Forma de adquisición Tipo de material
    Local     Humboldt Inventariado 2017 Bogotá Bogotá 03/09/2008   IAVH-01078 026352 09/08/2024 Ej. 1 04/12/2012   Informe Técnico